000 01139nam a2200229Ia 4500
001 239
005 20251203123021.0
008 251203t2003||||xx |||||||||||||| ||spa||
020 _a8495978598
041 _aESP
082 _aRO 920
_bC76
110 _aEmpresa Editorial El Comercio
245 0 _aPersonajes del Perú y del mundo :
_bNúmeros 1-16
260 _aLima :
_bEl Comercio Ediciones,
_c2003
300 _a120 páginas :
_b ilustraciones, fotografías ;
_c 28 cm.
_e
440 _a
_n
_v
505 _aContiene: Número 1: Aachen – Arcipreste; Número 2: Arcipreste de Talavera – Bogart; Número 3: Bogdanov – Catulo; Número 4: Cauchy – Corrigan; Número 5: Corro – Éluard; Número 6: Elvira – Fontaine; Número 7: Fontana – Haider; Número 8: Hailé – Jacob; Número 9: Jacobi – Lozano; Número 10: Luaces – Müelich; Número 11: Mugabe – Papini; Número 12: Papp – Prowazek; Número 13: Prudencio – Russell; Número 14: Russo –Strauss; Número. 15: Stravinskij – Turner; Número 16: Turpin - Zworykin.
650 _aGEH
653 _aBiografías
654 _aCTP
942 _cLIB
_dJUS
_fMAT
_2ddc
_n
999 _c239
_d239